书目信息 |
| 题名: |
现代日式庭院设计
|
|
| 作者: | 三桥一夫 , 高桥一郎 著 ;张乔 译 | |
| 分册: | ||
| 出版信息: | 福州 福建科学技术出版社 2014 |
|
| 页数: | 175页 | |
| 开本: | 29cm | |
| 丛书名: | ||
| 单 册: | ||
| 中图分类: | TU986.2-64 , TU986.2 | |
| 科图分类: | ||
| 主题词: | 庭院--园林设计--日本--图集 , 庭院 , 园林设计 | |
| 电子资源: | ||
| ISBN: | 978-7-5335-4418-8 | |
| 000 | 01002nam0 2200289 450 | |
| 001 | 2372560203 | |
| 005 | 20231110094712.64 | |
| 010 | @a978-7-5335-4418-8@dCNY68.00 | |
| 090 | @aTU986@bsqy | |
| 100 | @a20140429d2014 em y0chiy50 ea | |
| 101 | 1 | @achi@cjpn |
| 102 | @aCN@b350000 | |
| 105 | @aa z 000yy | |
| 200 | 1 | @a现代日式庭院设计@Axian dai ri shi ting yuan she ji@f(日)三桥一夫,高桥一郎著@g张乔译 |
| 210 | @a福州@c福建科学技术出版社@d2014 | |
| 215 | @a175页@c彩图@d29cm | |
| 330 | @a本书对日式庭院的风格和施工方法做了最系统、最完备、最细致的讲解,既介绍了传统的经典案例和日式庭院必备元素,又结合现代生活教授读者如何打造现代日式庭院。 | |
| 606 | 0 | @a庭院@x园林设计@y日本@j图集 |
| 606 | 0 | @a庭院 |
| 606 | 0 | @a园林设计 |
| 690 | @aTU986.2-64@v5 | |
| 690 | @aTU986.2@v4 | |
| 701 | 0 | @c(日)@a三桥一夫@Asan qiao yi fu@4著 |
| 701 | 0 | @c(日)@a高桥一郎@Agao qiao yi lang@f(1907~)@4著 |
| 702 | 0 | @a张乔@Azhang qiao@4译 |
| 801 | 0 | @aCN@b安徽时代@c20230923 |
| 905 | @aBZT@dTU986.2@e21 | |
| 现代日式庭院设计/(日)三桥一夫,高桥一郎著/张乔译.-福州:福建科学技术出版社,2014 |
| 175页:彩图;29cm |
| ISBN 978-7-5335-4418-8:CNY68.00 |
| 本书对日式庭院的风格和施工方法做了最系统、最完备、最细致的讲解,既介绍了传统的经典案例和日式庭院必备元素,又结合现代生活教授读者如何打造现代日式庭院。 |
| ● |
| 相关链接 |
|
|
|
正题名:现代日式庭院设计
索取号:TU986.2/21
 
预约/预借
| 序号 | 登录号 | 条形码 | 馆藏地/架位号 | 状态 | 备注 |
| 1 | 2000924047 | 2000924047 | 第四书库/四27架B面2层1列/ [索取号:TU986.2/21] | 在馆 | |
| 2 | 2000924048 | 2000924048 | 第四书库/四27架B面2层1列/ [索取号:TU986.2/21] | 在馆 | |
| 3 | 2000924049 | 2000924049 | 第四书库/四27架B面2层1列/ [索取号:TU986.2/21] | 在馆 | |
| 4 | 2000924050 | 2000924050 | 第四书库/四27架B面2层1列/ [索取号:TU986.2/21] | 在馆 | |
| 5 | 2000924051 | 2000924051 | 第四书库/四27架B面2层1列/ [索取号:TU986.2/21] | 在馆 | |
| 6 | 2000924052 | 2000924052 | 第四书库/四27架B面2层1列/ [索取号:TU986.2/21] | 在馆 |